00966nam a2200181Ia 4500001037200000002005000372008003700422010001100459530002200470650004200492650002500534650002900559650002400588700004300612700004300655700004400698700004200742IA_Para determinar si los buenos resultados logrados a nivel experimental se pueden lograr a nivel comercial, así como evaluar la viabilidad comercial del uso del desahuatado precosecha, se hicieron aplicaciones semanales consecutivas de dos formulaciones: ácido giberélico (50 ppm) en combinación con ethrel (700 y 900 ppm) a tres variedades comerciales de tuna.DESAHUATADO PRECOSECHA DE TUNA IMPLANTADO A NIVEL220117s xx 000 0 und d a185631 aDisponible en PDF aEspinas de las plantasxTratamiento  0aOpuntia ficus-indica aPlants spinesxTreatment aTunaxDesahuatado 1 aColinas y León, María Teresa Beryl1 aCorrales García, José Joel Enrique aLira Sandoval, José Andrés, coaut.  aPonce Javana, Pedro Celestino, asesor